| 000 -LEADER |
| fixed length control field |
00636nam a22001217a 4500 |
| 040 ## - CATALOGING SOURCE |
| Transcribing agency |
RUA |
| 082 ## - DEWEY DECIMAL CLASSIFICATION NUMBER |
| Classification number |
AVM ROU 2025 B705 Or.1 |
| 100 ## - MAIN ENTRY--AUTHOR NAME |
| Personal name |
ROUN, SOTHEARA/ រួន សុធារ៉ា |
| 245 ## - TITLE STATEMENT |
| Title |
Case of antibiotic resistance among eschericha coli isolated from chickens in tamoen commune, thmakol district, battambang province, ករណី ESCHERICHIA ស៊ាំនឹងឳសថអង់ទីប៊ីយ៉ូទិកលើមាន់នៅឃុំតាម៉ឺន ស្រុកថ្មគោល ខេត្តបាត់ដំបង |
| 260 ## - PUBLICATION, DISTRIBUTION, ETC. (IMPRINT) |
| Place of publication |
PHNOM PNH |
| Name of publisher |
RUA |
| Year of publication |
2025 |
| 300 ## - PHYSICAL DESCRIPTION |
| Number of Pages |
x,42p. |
| Other physical details |
ill. |
| 942 ## - ADDED ENTRY ELEMENTS (KOHA) |
| Koha item type |
AVM |
| 952 ## - LOCATION AND ITEM INFORMATION (KOHA) |
| Withdrawn status [LOCAL, KOHA] |
0 |
| 952 ## - LOCATION AND ITEM INFORMATION (KOHA) |
| Withdrawn status [LOCAL, KOHA] |
0 |